000 00478nam a2200181Ia 4500
005 20250423100654.0
008 250422s9999 xx 000 0 und d
020 _a9780070172814
050 _aQA 76.73 .C154 B48/
100 _aBradley, Julia Case
245 0 _aProgramming in visual C# 2008
260 _aNew York
260 _bMcGraw Hill
260 _c2008
300 _a679 p
650 _a C# (Computer program language) Microsoft .NET Framework.
942 _cBK
999 _c34015
_d34015